000 00352nam a2200169Ia 4500
100 _aMohan/Ned/ Undeland/Tore
250 _a3
942 _cBK
366 _f15
654 _aPower Electronics
245 _aPower Electronics
260 _bJohn Wiley & Sons
_c2003
082 _a621.317
_bMOH
300 _a802
546 _aENGLISH
999 _c25029
_d25029